000 00508nam a22001577a 4500
020 _qHard Cover.
082 _a621.3
100 _aAnwar, Saira
245 _aDetection and parameter estimation of frequency hopping (FH) signal /
_cSaira Anwar.
260 _aIslamabad:
_bMCS - NUST,
_c2016.
300 _a60 p. :
_bill. ;
_c30cm.
650 _aElectrical Engineering MS-Thesis.
_916073
700 _aDr. Adnan Ahmed Khan
_934950
942 _2ddc
_cTHE
999 _c540970
_d540970